000 00516nam a22002057a 4500
003 UA-OsUOA
001 12873
007 ta
008 20050525b un ||||| |||| 00| 0 ukr d
100 _aКіш Є.
942 _cSA
040 _aUA-OsUOA
_bukr
_cUA-OsUOA
_dUA-OsUOA
245 _aНовий статус на нових кордонах : [ Єврорегіони ]
300 _aС.82 - 90
955 _a0
041 _aukr
044 _aUA
773 0 _w0
650 7 _aЄвропейський Союз
_2UDC
999 _c299034
_d299034